000
00239nam a22000857a 4500
008
170607b xxu||||| |||| 00| 0 eng d
100
_9
3307
_a
Khambadkone. R. M
245
_a
The Summer Tree Contest
260
_a
New Delhi
_b
National Book Trust
_c
2003
999
_c
6625
_d
6625